00495nam a2200157 a 4500003000500000005001700005008004100022020001800063050002700081100001800108245010100126250001700227260004300244300003000287500002000317SISC20170126143651.0121115s19uu xx 00 eng d a9781441195906 aHE 8689.9 b.T256 2016 aTeddern, Sue. aWriting for TV and radio :ca writers' and artists' companion /bSue Teddern and Nick Warburton. a1st edition. aNew Delhi, India :bRandom Pub,c2012. aviii, 288 pages ;c20 cm. aIncludes index.